| 000 | 00518nam a22001817a 4500 | ||
|---|---|---|---|
| 005 | 20251108172050.0 | ||
| 008 | 250721s2002 xx 000 0 ara d | ||
| 082 | 1 | 4 | _a816/خال |
| 100 | 1 | _aالخالدي، هداية | |
| 245 | 1 | 0 | _aرسائل العشاق الحائرة / |
| 264 | 1 |
_aعمان : _bدار عالم الثقافة، _c2002. |
|
| 300 | _a76 ص | ||
| 650 | 1 | 7 | _aالأدب |
| 650 | 1 | 7 | _aالأدب العربي |
| 650 | 1 | 7 | _aالرسائل الغرامية |
| 942 |
_2ddc _cBK |
||
| 999 |
_c69541 _d69541 |
||